External timber doors: (Record no. 108502)

MARC details
000 -LEADER
fixed length control field 00975cad a22002535a 4500
001 - CONTROL NUMBER
control field E144423
008 - FIXED-LENGTH DATA ELEMENTS--GENERAL INFORMATION
fixed length control field 080717s2015 xxk f 000 0 eng d
041 0# - LANGUAGE CODE
Language code of text/sound track or separate title eng
050 04 - LIBRARY OF CONGRESS CALL NUMBER
Classification number 690.241
110 2# - MAIN ENTRY--CORPORATE NAME
Corporate name or jurisdiction name as entry element Historic Scotland
9 (RLIN) 2914
245 00 - TITLE STATEMENT
Title External timber doors:
Remainder of title INFORM, information for historic building owners
Medium [electronic publication]
260 ## - PUBLICATION, DISTRIBUTION, ETC.
Place of publication, distribution, etc. Edinburgh
Name of publisher, distributor, etc. Historic Scotland
Date of publication, distribution, etc. 2015
300 ## - PHYSICAL DESCRIPTION
Extent [8]p.
Other physical details ill.
Dimensions 21cm.
490 #0 - SERIES STATEMENT
Series statement Inform
520 ## - SUMMARY, ETC.
Summary, etc. Provides information on the history of timber doors, as well as common problems and how to deal with them.
521 ## - TARGET AUDIENCE NOTE
Target audience note Introductory
590 ## - LOCAL NOTE (RLIN)
Local note KA
650 ## - SUBJECT ADDED ENTRY--TOPICAL TERM
Topical term or geographic name entry element DOORS
650 ## - SUBJECT ADDED ENTRY--TOPICAL TERM
Topical term or geographic name entry element TIMBER
651 #4 - SUBJECT ADDED ENTRY--GEOGRAPHIC NAME
Geographic name Scotland
690 ## - LOCAL SUBJECT ADDED ENTRY--TOPICAL TERM (OCLC, RLIN)
Topical term or geographic name as entry element Building materials & defects
9 (RLIN) 6223
856 41 - ELECTRONIC LOCATION AND ACCESS
Uniform Resource Identifier <a href="https://www.historicenvironment.scot/archives-and-research/publications/publication/?publicationId=868ab7cf-176f-4f85-b925-a59500e4b21b">https://www.historicenvironment.scot/archives-and-research/publications/publication/?publicationId=868ab7cf-176f-4f85-b925-a59500e4b21b</a>
Public note View the leaflet free of charge at www.historic-scotland.gov.uk...
942 ## - ADDED ENTRY ELEMENTS (KOHA)
Suppress in OPAC 0
Source of classification or shelving scheme Dewey Decimal Classification
Holdings
Withdrawn status Lost status Source of classification or shelving scheme Damaged status Not for loan Home library Current library Shelving location Date acquired Total Checkouts Full call number Date last seen Copy number Price effective from Koha item type
    Dewey Decimal Classification     Virtual Virtual Online 12/01/2009   ONLINE PUBLICATION 04/10/2023 1 06/08/2019 Online material